00496nam a2200193 a 4500001001300000003000900013005001700022008004100039020000900080082001700089100002500106245002900131260004700160300000900207500003500216505001000251650001600261700002500277nice12345678IN_TiNIC20260116012741.0050524s1987 isla grp 000 0 eng  ac6000a340.59bAZA1 aAzad, Ghulam Murtaza aJudicial System of Islam aIslambadbIslamic Research Institutec1987 a138p aincludes index and biblioraphy2 aIndex aIslamic-Law1 aAzad, Ghulam Murtaza